| 000 | 00574nam a2200205 4500 | ||
|---|---|---|---|
| 001 | 113025 | ||
| 003 | ES-MaACL | ||
| 007 | t| | ||
| 008 | 061121s1954 sp r ||||1| spa d | ||
| 100 | 1 |
_aNunn, E. Westby. _986135 |
|
| 245 | 1 | 0 |
_aCena en casa del Gobernador / _cE. Westby Nunn ; traducción del inglés por J. Amadó. |
| 250 | _a1ª ed. | ||
| 260 |
_aBarcelona : _bJano, _c1954. |
||
| 300 |
_a294 p. ; _c19 cm. |
||
| 490 | 1 | _aAliciente | |
| 700 | 1 |
_aAmadó, J. _921078 |
|
| 830 | 0 |
_aAliciente _9183825 |
|
| 852 |
_aES-MaACL _jC-9742 _bR.37343 |
||
| 999 |
_c113025 _d113025 |
||